00403nam a2200157Ia 45000010006000000050017000060080041000230410008000640820015000721000059000872450046001462600009001923000028002016500008002296540008002371163020260306162842.0260306t2011||||xx |||||||||||||| ||spa|| aESP a985.6bM12 aUniversidad Nacional de San Antonio Abad de CuscoeAUT 0aMachu Pichu. Catálogo de la colección c2011 a204 páginas :c31 cm. aGEN aCHU